000 00618nam a2200241 a 4500
001 nice12345678
003 IN_TiNIC
005 20260116011759.0
008 050524s1956 luca grp 000 0 eng
020 _a
_c100
082 0 0 _a275.4
_bHOL
100 _aHollister, John N
245 _aCentenary of the Methodist Church in Southern Asia
260 _aLucknow
_bLucknow Publishing House
_c1956
300 _a414p
500 _aincludes index and biblioraphy
505 2 _aBibliography, Index
650 _aChurch-India
700 1 _aHollister, John N
902 _bSRS
942 _cBK
999 _c3905
_d3905